|
|
|
|
| LEADER |
00000nam a22000007a 4500 |
| 005 |
2018050302132.0 |
| 007 |
cr|||| |||| |
| 008 |
180503s2012 us |||||s|||| 00||0 eng d |
| 035 |
|
|
|a 21498
|
| 040 |
|
|
|a vLex
|
| 090 |
|
|
|c 7880
|d 7880
|
| 100 |
1 |
|
|a Miller, Colin
|
| 245 |
1 |
0 |
|a Evidence
|h [Recurso electrn̤ico] :
|b Jury Impeachment /
|c Colin Miller
|
| 256 |
|
|
|a Servicio en ln̕ea
|
| 260 |
|
|
|a Chicago:
|b The Center for Computer - Assisted Legal Instruction (CALI),
|c 2012
|
| 300 |
|
|
|a 1 recurso electrn̤ico
|
| 506 |
1 |
|
|a Disponible solo en los productos indicados
|d vLex Global
|d vLex Global (Academic Edition, excluding Law Schools)
|d vLex Global (U.S. Academic Edition, Law Schools)
|d vLex Global (U.S. Academic Edition, excluding Law Schools)
|d vLex Global (Academic Edition, Law Schools)
|
| 650 |
0 |
4 |
|a Derecho Penal
|z Estados Unidos
|
| 740 |
0 |
|
|a vLex Libros (Servicio en ln̕ea)
|
| 856 |
4 |
0 |
|u http://vlex.com/source/evidence-jury-impeachment-21498
|z Acceso restringido
|
| 942 |
|
|
|c BOOK
|
| 999 |
0 |
|
|a Criminal law
|